<?xml version="1.0" encoding="UTF-8"?><?xml-stylesheet type="text/xsl" href="static/style.xsl"?><OAI-PMH xmlns="http://www.openarchives.org/OAI/2.0/" xmlns:xsi="http://www.w3.org/2001/XMLSchema-instance" xsi:schemaLocation="http://www.openarchives.org/OAI/2.0/ http://www.openarchives.org/OAI/2.0/OAI-PMH.xsd"><responseDate>2026-06-29T02:42:21Z</responseDate><request verb="GetRecord" identifier="oai:docta.ucm.es:20.500.14352/102594" metadataPrefix="marc">https://docta.ucm.es/rest/oai/request</request><GetRecord><record><header><identifier>oai:docta.ucm.es:20.500.14352/102594</identifier><datestamp>2024-04-03T23:47:35Z</datestamp><setSpec>com_20.500.14352_14</setSpec><setSpec>col_20.500.14352_15</setSpec></header><metadata><record xmlns="http://www.loc.gov/MARC21/slim" xmlns:dcterms="http://purl.org/dc/terms/" xmlns:xsi="http://www.w3.org/2001/XMLSchema-instance" xmlns:doc="http://www.lyncode.com/xoai" xsi:schemaLocation="http://www.loc.gov/MARC21/slim http://www.loc.gov/standards/marcxml/schema/MARC21slim.xsd">
   <leader>00925njm 22002777a 4500</leader>
   <datafield ind2=" " ind1=" " tag="042">
      <subfield code="a">dc</subfield>
   </datafield>
   <datafield ind2=" " ind1=" " tag="720">
      <subfield code="a">Chamosa, Miguel</subfield>
      <subfield code="e">author</subfield>
   </datafield>
   <datafield ind2=" " ind1=" " tag="720">
      <subfield code="a">Murillo González, Jorge Alfonso</subfield>
      <subfield code="e">author</subfield>
   </datafield>
   <datafield ind2=" " ind1=" " tag="720">
      <subfield code="a">Vázquez Osorio, María Teresa</subfield>
      <subfield code="e">author</subfield>
   </datafield>
   <datafield ind2=" " ind1=" " tag="260">
      <subfield code="c">2005-11-03</subfield>
   </datafield>
   <datafield ind2=" " ind1=" " tag="520">
      <subfield code="a">Lipodystrophies of upper limbs are less significant than lipodystrophies affecting inferior limbs, and the results of liposuction in that area are not always aesthetically acceptable. The authors topographically studied the amount of fat in a lipodystrophic arm of seven cadavers, and found that the zone located over the humerus  trochiter frequently presents lipodystrophic cumuli. In these cases, the maximum width is not the bideltoid width, but the bitrochiteric width. Intermediate and deep liposuction was performed only over the posterior and external aspect, because superficial and circumferential liposuction may result in multiple irregularities on the anterior and internal surfaces. During the same medical act, fat-graft injection in deltoid region was performed to balance the contour of the scapular belt. With this technique, an aesthetically balanced zone was obtained. The results for 48 patients treated with arm liposuction and fat-graft injection in the deltoid area were very satisfying.</subfield>
   </datafield>
   <datafield ind1="8" ind2=" " tag="024">
      <subfield code="a">Chamosa M, Murillo J, Vázquez T. Lipectomy of arms and lipograft of shoulders balance the upper body contour. Aesthetic Plast Surg. 2005 Nov-Dec;29(6):567-570.</subfield>
   </datafield>
   <datafield ind1="8" ind2=" " tag="024">
      <subfield code="a">0364-216X</subfield>
   </datafield>
   <datafield ind1="8" ind2=" " tag="024">
      <subfield code="a">1432-5241</subfield>
   </datafield>
   <datafield ind1="8" ind2=" " tag="024">
      <subfield code="a">10.1007/s00266-004-0101-x</subfield>
   </datafield>
   <datafield ind1="8" ind2=" " tag="024">
      <subfield code="a">https://hdl.handle.net/20.500.14352/102594</subfield>
   </datafield>
   <datafield ind1="8" ind2=" " tag="024">
      <subfield code="a">https://link.springer.com/article/10.1007/s00266-004-0101-x</subfield>
   </datafield>
   <datafield ind1="8" ind2=" " tag="024">
      <subfield code="a">https://pubmed.ncbi.nlm.nih.gov/16283579/</subfield>
   </datafield>
   <datafield ind2="0" ind1="0" tag="245">
      <subfield code="a">Lipectomy of Arms and Lipograft of Shoulders Balance the Upper Body Contour</subfield>
   </datafield>
</record></metadata></record></GetRecord></OAI-PMH>